Fundamental Concepts Of Environmental Chemistry (Record no. 330220)

000 -LEADER
fixed length control field nam a22 7a 4500
003 - CONTROL NUMBER IDENTIFIER
control field NUST
005 - DATE AND TIME OF LATEST TRANSACTION
control field 20170614111349.0
008 - FIXED-LENGTH DATA ELEMENTS--GENERAL INFORMATION
fixed length control field 170614b xxu||||| |||| 00| 0 eng d
020 ## - INTERNATIONAL STANDARD BOOK NUMBER
International Standard Book Number 8173193207
040 ## - CATALOGING SOURCE
Transcribing agency 0
082 ## - DEWEY DECIMAL CLASSIFICATION NUMBER
Classification number 577.14 SOD
100 ## - MAIN ENTRY--PERSONAL NAME
Personal name Sodhi,G.S
9 (RLIN) 2646
245 ## - TITLE STATEMENT
Title Fundamental Concepts Of Environmental Chemistry
Statement of responsibility, etc. G.S.Sodhi
260 ## - PUBLICATION, DISTRIBUTION, ETC.
Place of publication, distribution, etc. New Delhi
Name of publisher, distributor, etc. Narosa publishing house
Date of publication, distribution, etc. 2002
300 ## - PHYSICAL DESCRIPTION
Extent 465p.
500 ## - GENERAL NOTE
General note P.B
942 ## - ADDED ENTRY ELEMENTS (KOHA)
Source of classification or shelving scheme
Koha item type Book
Call number prefix IESE
Holdings
Withdrawn status Lost status Source of classification or shelving scheme Damaged status Not for loan Collection code Permanent Location Current Location Shelving location Date acquired Total Checkouts Full call number Barcode Date last seen Date last checked out Price effective from Koha item type
            Central Library (CL) Central Library (CL) General Stacks 06/14/2017 1 577.14 SOD IESE-721 11/13/2024 08/11/2024 06/14/2017 Book
© 2023 Central Library, National University of Sciences and Technology. All Rights Reserved.